000 00647cam a2200229 4500500
005 20260405003159.0
041 _afre
042 _adc
100 1 0 _aLacroix, Alexandre
_eauthor
245 0 0 _aPar-delà le fourmillement des mots
260 _c2020.
500 _a36
690 _aAlexandre Lacroix
690 _aCiel
690 _aCompromis
690 _acouleur
690 _aLumière
690 _aNuance
690 _aPerception
786 0 _nPhilosophie magazine | 145 | 1 | 2020-12-01 | p. 1-1 | 1951-1787
856 4 1 _uhttps://shs.cairn.info/magazine-philosophie-magazine-2020-12-1-page-1?lang=fr&redirect-ssocas=7080
999 _c2065099
_d2065099